000 00899nmm a2200289 a 4500
001 ocm000955319
003 TR-IsHL
005 20201028150403.0
008 150110s2014 tu eng
007 cr cn
020 _a9781502993724
035 _a955319
_b(N$T)
050 0 4 _aPQ2168.B35
_bF38 2014
090 0 4 _aPQ2168.B35
_bF38 2014
100 1 _aBalzac, Honore de
245 1 0 _aFather Goriot
_h[electronic resource] /
_cHonore de Balzac
260 _aİstanbul :
_bE-Kitap Projesi,
_c2014
300 _a350 p.
650 4 _aDil ve Edebiyat
650 4 _aLanguage and Literature
650 0 _aFransız romanı
650 0 _aFrench fiction
650 0 _aFransız edebiyatı
650 0 _aFrench literature
650 7 _aLITERARY COLLECTIONS / European / French
_2bisacsh
856 4 0 _uhttp://search.ebscohost.com/login.aspx?direct=true&scope=site&db=e011xww&AN=955319
999 _c10447
_d10447